Solutions manual to accompany auditing a systematic approach
Αποθηκεύτηκε σε:
| Κύριος συγγραφέας: | |
|---|---|
| Μορφή: | Βιβλίο |
| Γλώσσα: | English |
| Δημοσίευση: |
New York :
The McGraw-Hill Companies, Inc.,
c1997
|
| Θέματα: | |
| Ετικέτες: |
Προσθήκη ετικέτας
Δεν υπάρχουν, Καταχωρήστε ετικέτα πρώτοι!
|
MARC
| LEADER | 00000nam a2200000 i 4500 | ||
|---|---|---|---|
| 001 | 1/62447 | ||
| 008 | 980618s1997 eng d | ||
| 020 | |a (pbk.) |z 0-07-041699-8 | ||
| 035 | |l 10029076 | ||
| 040 | |a GR-MY-UA |b gre |e aacr | ||
| 041 | 0 | |a eng | |
| 082 | 0 | |a 657.45 | |
| 100 | 1 | |a Messier, William F. | |
| 245 | 1 | 0 | |a Solutions manual to accompany auditing a systematic approach / |c William F. Messier, Jr. |
| 260 | |a New York : |b The McGraw-Hill Companies, Inc., |c c1997 | ||
| 300 | |a 247 p. | ||
| 650 | 0 | 0 | |a Auditing. |
| 852 | |a INST |b CHIOS |e 19980618 |h 657.45 MES |p 005200016119 |q 005200016119 |t BK |y 0 | ||
| 901 | |a BIBL-1998-2 | ||
| 909 | |a Χ |b 057240 | ||
| 922 | |a 2ΕΛΗ |b ΤΔΕ |c ΠΑΠΑΣΩΤΗΡΙΟΥ | ||